[Event "DVM U12 2012"]
[Site "Verden/Aller GER"]
[Date "2012.12.27"]
[Round "1"]
[White "Enache, Rares"]
[Black "Rogozenco, Teodora"]
[Result "0-1"]
[Termination "normal"]
[Board "1.1"]
[WhiteElo "1463"]
[BlackElo "1719"]
[WhiteTeam "TuS Coswig 1920"]
[BlackTeam "Hamburger SK von 1830"]
[WhiteFideId "12976440"]
[BlackFideId "12938084"]
[EventCountry "GER"]
[EventRounds "7"]
[EventType "team-swiss"]
[EventDate "2012.12.26"]

1. e4 d6 2. d4 Nf6 3. Nc3 e5 4. dxe5 dxe5 5. Qxd8+ Kxd8 6. Bg5 Be6 7. Nf3 Nbd7
8. O-O-O Kc8 9. Bb5 c6 10. Be2 Kc7 11. Rd3 Bc5 12. Bxf6 gxf6 13. Rf1 b5 14. Kb1
a5 15. a3 a4 16. h3 Rhb8 17. Nh4 b4 18. axb4 Rxb4 19. Na2 Rxe4 20. Bg4 Bxg4 21.
hxg4 Rxg4 22. g3 Rb8 23. Kc1 Rc4 24. f3 Bd4 25. c3 Nc5 26. Rdd1 a3 27. Nf5
axb2+ 28. Kc2 Bxc3 29. Nxc3 Na4 30. Rd3 Rxc3+ 31. Rxc3 Nxc3 32. Kxc3 b1=Q 33.
Rxb1 Rxb1 34. Kd3 Kd7 35. Ke4 Rb4+ 36. Ke3 c5 37. Kd3 Ke6 38. Ng7+ Kd5 39. Ne8
Rb3+ 40. Ke2 Kd4 41. Nxf6 c4 42. Nxh7 Rb2+ 43. Kd1 c3 44. Ng5 Kd3 45. Kc1 Rh2
46. Kb1 Rh1+ 47. Ka2 c2 48. Ne4 c1=Q 49. Nf2+ Kc2 50. Nxh1 Qb2# 0-1

[Event "DVM U12 2012"]
[Site "Verden/Aller GER"]
[Date "2012.12.27"]
[Round "1"]
[White "Engel, Luis"]
[Black "Kunath, Tim"]
[Result "1-0"]
[Termination "normal"]
[Board "1.2"]
[WhiteElo "1732"]
[BlackElo "1387"]
[WhiteTeam "Hamburger SK von 1830"]
[BlackTeam "TuS Coswig 1920"]
[WhiteFideId "12961523"]
[BlackFideId "12985074"]
[EventCountry "GER"]
[EventRounds "7"]
[EventType "team-swiss"]
[EventDate "2012.12.26"]

1. e4 d5 2. exd5 Qxd5 3. Nc3 Qa5 4. d4 Bf5 5. Qf3 c6 6. b4 Qxb4 7. Rb1 Qxd4 8.
Qxf5 Qxc3+ 9. Bd2 e6 10. Qxf7+ Kxf7 11. Rxb7+ Be7 12. Bxc3 Nf6 13. Bc4 Nbd7 14.
Nf3 Rhb8 15. Rxb8 Rxb8 16. O-O h6 17. Re1 Nd5 18. Be5 Rb4 19. Bb3 Bf6 20. Bd6
Rb7 21. c4 Nc7 22. Ba4 Nb8 23. g3 Ne8 24. Bxb8 Rxb8 25. Bxc6 Rc8 26. Bd7 Rd8
27. Bxe6+ Kg6 28. Ne5+ Bxe5 29. Rxe5 Kf6 30. Re3 Nc7 31. Bg4 Rd4 32. Be2 Rd2
33. a3 Rc2 34. Bf1 Ne6 35. Rd3 Ra2 36. Rd6 Rxa3 37. Bh3 Ra1+ 38. Kg2 Re1 39.
Ra6 g5 40. c5 h5 41. Bxe6 Rxe6 42. c6 Ke7 43. c7 Rxa6 44. c8=Q Rd6 45. Qc5 1-0

[Event "DVM U12 2012"]
[Site "Verden/Aller GER"]
[Date "2012.12.27"]
[Round "1"]
[White "Lehne, Arwin Hugo"]
[Black "Meyling, Lennart"]
[Result "0-1"]
[Termination "normal"]
[Board "1.3"]
[WhiteElo "1289"]
[BlackElo "1555"]
[WhiteTeam "TuS Coswig 1920"]
[BlackTeam "Hamburger SK von 1830"]
[WhiteFideId "12985090"]
[BlackFideId "12947130"]
[EventCountry "GER"]
[EventRounds "7"]
[EventType "team-swiss"]
[EventDate "2012.12.26"]

1. c4 Nf6 2. Nc3 g6 3. g3 Bg7 4. Bg2 O-O 5. e3 d6 6. Nge2 Bf5 7. d4 Nc6 8. a3
Rb8 9. b4 Re8 10. O-O e6 11. c5 d5 12. h3 h5 13. f3 e5 14. g4 hxg4 15. hxg4 Be6
16. Kf2 e4 17. Nf4 exf3 18. Bxf3 Nxg4+ 19. Bxg4 Qh4+ 20. Kg2 Bxg4 21. Rh1 Qg5
22. Qe1 Nxd4 23. Rg1 Nf3 24. Qf2 Nxg1 25. Nfxd5 Bh3+ 26. Kh1 Qh5 27. Nf4 Qf3+
28. Qxf3 Nxf3 29. Bb2 Bxc3 30. Bxc3 Rxe3 31. Bf6 Rbe8 0-1

[Event "DVM U12 2012"]
[Site "Verden/Aller GER"]
[Date "2012.12.27"]
[Round "1"]
[White "Pajeken, Jakob Leon"]
[Black "von Koslowski, Wilhelm"]
[Result "1/2-1/2"]
[Termination "normal"]
[Board "1.4"]
[WhiteElo "1475"]
[BlackElo "1281"]
[WhiteTeam "Hamburger SK von 1830"]
[BlackTeam "TuS Coswig 1920"]
[WhiteFideId "12942839"]
[BlackFideId "12985147"]
[EventCountry "GER"]
[EventRounds "7"]
[EventType "team-swiss"]
[EventDate "2012.12.26"]

1. e4 d5 2. exd5 Qxd5 3. Nc3 Qa5 4. d4 c6 5. Bc4 Bf5 6. Nf3 e6 7. Nh4 Bg6 8.
Nxg6 hxg6 9. O-O Bd6 10. h3 Nf6 11. Re1 O-O 12. Bb3 Nbd7 13. Be3 Bb4 14. Qd3
Nd5 15. Bd2 Nxc3 16. bxc3 Bd6 17. c4 Qc7 18. d5 Be5 19. Rab1 Rfe8 20. Qf3 Nc5
21. dxe6 Rxe6 22. Bc3 Qe7 23. Kh1 Bxc3 24. Qxc3 Ne4 25. Qa1 Nxf2+ 26. Kg1 Ne4
27. Rbd1 Re8 28. a4 Nc5 1/2-1/2

[Event "DVM U12 2012"]
[Site "Verden/Aller GER"]
[Date "2012.12.27"]
[Round "1"]
[White "Gomolinsky, Phil"]
[Black "Kololli, Martin"]
[Result "0-1"]
[Termination "normal"]
[Board "2.2"]
[WhiteElo "1328"]
[BlackElo "1816"]
[WhiteTeam "SC Porta Westfalica Holtrup 1950"]
[BlackTeam "Lübecker SV von 1873"]
[WhiteFideId "16200730"]
[BlackFideId "12936910"]
[EventCountry "GER"]
[EventRounds "7"]
[EventType "team-swiss"]
[EventDate "2012.12.26"]

1. e4 e5 2. Nf3 Nc6 3. Bc4 Nf6 4. Ng5 d5 5. exd5 Na5 6. Bb5+ Bd7 7. Qe2 Bd6 8.
d4 O-O 9. Bxd7 Qxd7 10. O-O exd4 11. Qd3 h6 12. Bd2 hxg5 13. Bxa5 Nxd5 14. Qxd4
Nf4 15. Kh1 Qb5 16. Re1 Qxa5 17. Nc3 Qc5 18. Qxc5 Bxc5 19. Kg1 Rfe8 20. Rxe8+
Rxe8 21. Kf1 Rd8 22. Ne4 Be7 23. Re1 Kf8 24. b3 f5 25. g3 fxe4 26. gxf4 gxf4 {
Notation unvollständig.} 0-1

[Event "DVM U12 2012"]
[Site "Verden/Aller GER"]
[Date "2012.12.27"]
[Round "1"]
[White "Rieß, Alexander"]
[Black "Götz, Michael"]
[Result "1-0"]
[Termination "normal"]
[Board "2.3"]
[WhiteElo "1510"]
[BlackElo "1353"]
[WhiteTeam "Lübecker SV von 1873"]
[BlackTeam "SC Porta Westfalica Holtrup 1950"]
[WhiteFideId "12953326"]
[BlackFideId "16200756"]
[EventCountry "GER"]
[EventRounds "7"]
[EventType "team-swiss"]
[EventDate "2012.12.26"]

1. Nf3 c5 2. e4 Nc6 3. Bb5 g6 4. Bxc6 bxc6 5. O-O Bg7 6. Re1 d5 7. d3 Nf6 8.
Nbd2 Bg4 9. h3 Bxf3 10. Qxf3 O-O 11. Nb3 e6 12. Bg5 Rb8 13. e5 c4 14. dxc4 h6
15. exf6 hxg5 16. fxg7 Kxg7 17. cxd5 cxd5 18. Rad1 a5 19. Qc3+ Kg8 20. Nd4 Qb6
21. b3 Rfc8 22. Qd3 Kg7 23. Qe3 g4 24. hxg4 Rh8 25. Qe5+ Kg8 26. Qf6 Qc7 27. g3
Qc3 28. Kg2 Rb4 29. Rh1 Rxh1 30. Rxh1 1-0

[Event "DVM U12 2012"]
[Site "Verden/Aller GER"]
[Date "2012.12.27"]
[Round "1"]
[White "Liebelt, Jonas"]
[Black "Tiedemann, Fin Niklas"]
[Result "0-1"]
[Termination "normal"]
[Board "2.4"]
[WhiteElo "1190"]
[BlackElo "1471"]
[WhiteTeam "SC Porta Westfalica Holtrup 1950"]
[BlackTeam "Lübecker SV von 1873"]
[WhiteFideId "16200748"]
[BlackFideId "12936936"]
[EventCountry "GER"]
[EventRounds "7"]
[EventType "team-swiss"]
[EventDate "2012.12.26"]

1. e4 e5 2. Nf3 Nc6 3. Bb5 a6 4. Ba4 Nf6 5. O-O b5 6. Bb3 d6 7. Re1 Bg4 8. c3
Na5 9. d4 Nxb3 10. axb3 Be7 11. Nbd2 O-O 12. Nf1 exd4 13. cxd4 d5 14. Ng3 Bb4
15. Re3 dxe4 16. Nxe4 Re8 17. Nxf6+ Qxf6 18. h3 Bxf3 19. Qxf3 Qxf3 20. gxf3
Red8 21. Re4 f5 22. Rf4 c5 23. dxc5 Rd1+ 24. Kg2 Bd2 25. Rxf5 Rxc1 26. Ra2 Bb4
27. c6 Rxc6 28. Rxb5 Rg6+ 29. Kf1 Bd2 30. Rd5 Bf4 31. Rd4 Bh2 32. Rg4 Rxg4 33.
fxg4 a5 34. b4 a4 35. b3 a3 36. b5 Be5 37. Ke2 Bb2 38. Kd3 Rc8 39. Ke4 Rc5 40.
Kd3 Kf7 41. f4 g6 42. h4 h5 43. gxh5 gxh5 44. Ke4 Kf6 45. f5 Rxb5 46. Kf4 Rxb3
47. Ke4 Rh3 48. Kf4 Rxh4+ 49. Kg3 Rg4+ 50. Kh3 Kxf5 51. Kh2 Kf4 52. Kh1 Kf3 53.
Kh2 Rh4+ 54. Kg1 Bd4+ 0-1

[Event "DVM U12 2012"]
[Site "Verden/Aller GER"]
[Date "2012.12.27"]
[Round "1"]
[White "Dittrich, Tom"]
[Black "Balazs, Balint"]
[Result "0-1"]
[Termination "normal"]
[Board "3.1"]
[WhiteElo "1635"]
[BlackElo "1832"]
[WhiteTeam "SG Blau-Weiß Stadtilm"]
[BlackTeam "Hagener SV"]
[WhiteFideId "12923532"]
[BlackFideId "12922757"]
[EventCountry "GER"]
[EventRounds "7"]
[EventType "team-swiss"]
[EventDate "2012.12.26"]

1. e4 e6 2. d4 d5 3. exd5 exd5 4. Bd3 Bd6 5. Ne2 Ne7 6. O-O Bf5 7. Bf4 Nbc6 8.
c3 Qd7 9. Na3 O-O 10. Nc2 Bxd3 11. Qxd3 Nf5 12. Bxd6 Nxd6 13. Ne3 Ne7 14. Ng3
c6 15. f4 f5 16. Nc2 Ne4 17. Ne1 Ng6 18. Nh5 Qd6 19. Rd1 Rae8 20. Qf3 c5 21.
Nd3 cxd4 22. cxd4 Qb6 23. Ne5 Nxe5 24. fxe5 Rxe5 25. b3 Ree8 26. Nf4 Kh8 27.
Kh1 Qa5 28. Qe3 Nc3 29. Qd2 b6 30. Ra1 Rc8 31. Rfe1 Qb5 32. Ne2 Ne4 33. Qe3
Rfe8 34. Rac1 Rxc1 35. Rxc1 h6 36. Ng3 Qd7 37. Qf4 g5 38. Qc7 Qxc7 39. Rxc7 f4
40. Nf5 Nd6 41. Ne7 Nf5 42. Rc8 Rxc8 43. Nxc8 Nxd4 44. Ne7 Kg7 45. Nxd5 Ne2 46.
h3 Kf7 47. Nb4 Ke6 48. Nc2 Kd5 49. a3 Ke4 50. Nb4 a5 0-1

[Event "DVM U12 2012"]
[Site "Verden/Aller GER"]
[Date "2012.12.27"]
[Round "1"]
[White "Hoppe, Andreas"]
[Black "Schramm, Moritz"]
[Result "1-0"]
[Termination "normal"]
[Board "3.2"]
[WhiteElo "1751"]
[BlackElo "1441"]
[WhiteTeam "Hagener SV"]
[BlackTeam "SG Blau-Weiß Stadtilm"]
[WhiteFideId "12922811"]
[BlackFideId "12923508"]
[EventCountry "GER"]
[EventRounds "7"]
[EventType "team-swiss"]
[EventDate "2012.12.26"]

1. e4 c5 2. Nf3 d6 3. d4 cxd4 4. Nxd4 Nf6 5. Nc3 a6 6. Be3 e5 7. Nb3 Be7 8. f3
Be6 9. Qd2 O-O 10. g4 d5 11. g5 d4 12. gxf6 Bxf6 13. Bxd4 exd4 14. Ne2 Nc6 15.
O-O-O Bxb3 16. axb3 a5 17. f4 a4 18. e5 Be7 19. Nxd4 Qb6 20. Bg2 Qa6 21. Bxc6
bxc6 22. Qc3 Rfc8 23. Nf5 Bf8 24. Qc4 axb3 25. Qxa6 Rxa6 26. cxb3 Rb8 27. Kc2
c5 28. Rhg1 Rab6 29. Rg3 Rb4 30. Nh6+ Kh8 31. Nxf7+ Kg8 32. Nd6 Rxf4 33. Rd2
Rd8 34. Rgd3 Rb8 35. Rc3 Rd4 36. Rxd4 cxd4 37. Rc4 d3+ 38. Kc3 d2 39. Rd4 g6
40. Rxd2 Bg7 41. Nc4 Kf7 42. Rd7+ Kg8 43. b4 Rb5 44. Kd4 Rb8 45. Kc5 Bf8+ 46.
Nd6 Bg7 47. e6 Be5 48. e7 Bxd6+ 49. Kxd6 Re8 50. Rd8 Kf7 51. Rxe8 Kxe8 52. Ke6
1-0

[Event "DVM U12 2012"]
[Site "Verden/Aller GER"]
[Date "2012.12.27"]
[Round "1"]
[White "Adler, Jakob"]
[Black "Laubrock, Paul"]
[Result "0-1"]
[Termination "normal"]
[Board "3.3"]
[WhiteElo "1176"]
[BlackElo "1648"]
[WhiteTeam "SG Blau-Weiß Stadtilm"]
[BlackTeam "Hagener SV"]
[BlackFideId "1270509"]
[EventCountry "GER"]
[EventRounds "7"]
[EventType "team-swiss"]
[EventDate "2012.12.26"]

1. e4 e6 2. d4 d5 3. e5 c5 4. c3 Qb6 5. Nf3 Bd7 6. Be2 Bb5 7. O-O Bxe2 8. Qxe2
Qa6 9. Qc2 Nc6 10. b3 Rc8 11. Nbd2 Nge7 12. a4 cxd4 13. cxd4 Nxd4 14. Qd1 Ndc6
15. Ba3 Ng6 16. Bxf8 Nxf8 17. Rc1 Nd7 18. Rc2 O-O 19. Qc1 Ne7 20. Rxc8 Rxc8 21.
Qb1 Qc6 22. Nd4 Qc5 23. N2f3 Nxe5 24. Nxe5 Qxd4 25. Nf3 Qc3 26. Re1 Qc2 27.
Qxc2 Rxc2 28. Ne5 Nf5 29. h3 Nd4 30. Rb1 f6 31. Nd7 Kf7 32. b4 Ke7 33. Nc5 b6
34. Nd3 e5 35. Kf1 Rc3 36. Nb2 Kd7 37. a5 Rb3 38. axb6 axb6 39. Ke1 Nc2+ 40.
Kd2 Na3 41. Kc1 Rc3+ 42. Kd1 Nxb1 43. Na4 Rc6 44. Ke2 Nc3+ 45. Nxc3 Rxc3 46. g4
d4 47. h4 Kd6 0-1

[Event "DVM U12 2012"]
[Site "Verden/Aller GER"]
[Date "2012.12.27"]
[Round "1"]
[White "Pitzer, Alexander"]
[Black "Bock, Alexander"]
[Result "0-1"]
[Termination "normal"]
[Board "3.4"]
[WhiteElo "1499"]
[BlackElo "1012"]
[WhiteTeam "Hagener SV"]
[BlackTeam "SG Blau-Weiß Stadtilm"]
[WhiteFideId "12922838"]
[EventCountry "GER"]
[EventRounds "7"]
[EventType "team-swiss"]
[EventDate "2012.12.26"]

1. d4 Nf6 2. Bf4 d5 3. c4 e6 4. Nc3 Be7 5. e3 O-O 6. Bd3 b6 7. Qc2 Bb7 8. Nf3
Nbd7 9. O-O c5 10. Rac1 Qc8 11. cxd5 exd5 12. Bf5 Qc6 13. Be5 Rfe8 14. Ng5 g6
15. Bxf6 Qxf6 16. Bxd7 Red8 17. Nxh7 Kxh7 18. Ba4 Rac8 19. dxc5 Rxc5 20. Rfd1
d4 21. Rxd4 Rxd4 22. exd4 Qxd4 23. Be8 Qf6 24. Qe2 Qg5 25. Qf1 Bxg2 26. Qe1
Be4+ 27. Kf1 Bd3+ 28. Ne2 Rxc1 29. Bc6 Rxe1+ 30. Kxe1 Bxe2 31. Kxe2 Qe5+ 32.
Kf1 Qxb2 33. Kg2 Qxa2 34. Bf3 Bh4 35. Kh3 Qxf2 36. Bg4 f5 37. Bh5 g5 38. Be2
g4+ 39. Bxg4 fxg4+ 40. Kxg4 Qxh2 41. Kf5 a5 42. Ke4 a4 43. Kd5 a3 44. Ke4 a2
45. Kd5 a1=Q 46. Ke4 Qae5+ 47. Kd3 Qhf4 48. Kc2 Qee3 49. Kd1 Qd2# 0-1

[Event "DVM U12 2012"]
[Site "Verden/Aller GER"]
[Date "2012.12.27"]
[Round "1"]
[White "Dürr, Florian"]
[Black "Savchenko, Daniel"]
[Result "1/2-1/2"]
[Termination "normal"]
[Board "4.1"]
[WhiteElo "1880"]
[BlackElo "1650"]
[WhiteTeam "SC Erlangen 48/88"]
[BlackTeam "Schachfreunde Gerresheim 86"]
[WhiteFideId "24659134"]
[BlackFideId "12919195"]
[EventCountry "GER"]
[EventRounds "7"]
[EventType "team-swiss"]
[EventDate "2012.12.26"]

1. c4 e6 2. Nf3 d5 3. cxd5 exd5 4. g3 c5 5. Bg2 Nc6 6. O-O Bf5 7. d4 c4 8. Nc3
Bb4 9. Bd2 Nge7 10. Re1 O-O 11. b3 Bxc3 12. Bxc3 b5 13. bxc4 bxc4 14. Nd2 Bg6
15. Qa4 Rc8 16. Rad1 Nf5 17. Nf1 Qf6 18. Bxd5 Ncxd4 19. Qa5 Rfd8 20. e3 Qb6 21.
Qxb6 axb6 22. Bxf7+ Kxf7 23. exd4 Ra8 24. Rd2 Ra3 25. Rc1 Nd6 26. Bb4 Rd3 27.
Bxd6 Rxd6 28. Rxc4 Rd7 29. Rb4 Rd6 30. a4 Be4 31. Rc4 Rd7 32. Rb4 Rd6 33. Rc4
Rd7 34. Rb4 1/2-1/2

[Event "DVM U12 2012"]
[Site "Verden/Aller GER"]
[Date "2012.12.27"]
[Round "1"]
[White "Oezdemir, Edwin-Daniel"]
[Black "Tong, Kevin"]
[Result "1-0"]
[Termination "normal"]
[Board "4.2"]
[WhiteElo "1243"]
[BlackElo "1637"]
[WhiteTeam "Schachfreunde Gerresheim 86"]
[BlackTeam "SC Erlangen 48/88"]
[WhiteFideId "12919055"]
[BlackFideId "12913944"]
[EventCountry "GER"]
[EventRounds "7"]
[EventType "team-swiss"]
[EventDate "2012.12.26"]

1. e4 c5 2. Nf3 Nc6 3. d4 cxd4 4. Nxd4 g6 5. Nb3 Bg7 6. Nc3 Nf6 7. g4 d6 8. g5
Nd7 9. h4 Nb6 10. Be2 Be6 11. Be3 Nc4 12. Bxc4 Bxc4 13. Qd2 Ne5 14. Rh3 Be6 15.
Rg3 Nc4 16. Qc1 Nxe3 17. Qxe3 a6 18. O-O-O Rc8 19. f4 Bxb3 20. cxb3 Qa5 21. Kb1
Bxc3 22. bxc3 O-O 23. Rf1 Qb5 24. Rf2 a5 25. Kb2 Qc5 26. Qxc5 Rxc5 27. f5 Re5
28. Re3 d5 29. Rf4 Re8 30. Kc2 dxe4 31. Rexe4 Rxe4 32. Rxe4 gxf5 33. Re5 e6 34.
Rxa5 Kg7 35. Ra4 f6 36. gxf6+ Kxf6 37. Kd3 e5 38. Ke3 Rg8 39. Rb4 1-0

[Event "DVM U12 2012"]
[Site "Verden/Aller GER"]
[Date "2012.12.27"]
[Round "1"]
[White "Wegmann, Simon"]
[Black "Zhuk, Margarita"]
[Result "1-0"]
[Termination "normal"]
[Board "4.3"]
[WhiteElo "1709"]
[BlackElo "1240"]
[WhiteTeam "SC Erlangen 48/88"]
[BlackTeam "Schachfreunde Gerresheim 86"]
[WhiteFideId "1270758"]
[EventCountry "GER"]
[EventRounds "7"]
[EventType "team-swiss"]
[EventDate "2012.12.26"]

1. e4 e5 2. Nf3 Nf6 3. Nc3 Bb4 4. Bc4 h6 5. O-O O-O 6. d3 Nc6 7. a3 Bxc3 8.
bxc3 d5 9. exd5 Nxd5 10. Bxd5 Qxd5 11. c4 Qd6 12. h3 Qg6 13. Nh4 Qf6 14. Nf3 e4
15. Bxh6 exf3 16. Bxg7 Kxg7 17. Re1 Bxh3 18. Qxf3 Qxf3 19. gxf3 Nd4 20. Re4
Nxf3+ 21. Kh1 Rh8 22. Rg1+ Bg4+ 23. Kg2 Rh2+ 24. Kg3 f5 25. Re7+ Kg6 26. Rxc7
Rg8 27. Rg2 f4+ 28. Kxg4 Rxg2+ 29. Kxf3 Kf5 30. Rxb7 R2g7 31. Rb5+ Ke6 32. Kxf4
Rf7+ 33. Ke3 Rg2 34. Ra5 Rgxf2 35. Ra6+ Ke5 36. d4+ Kf5 37. Kxf2 Ke4+ 38. Ke2
Kxd4 39. Ra4 Kc3 40. Rb4 Kxc2 41. Ke3 Rd7 42. Ke4 Kc3 43. Ke5 Rd4 44. c5 Rd7
45. c6 Rd8 46. c7 Rc8 47. Kd6 a5 48. Rb8 Rxc7 49. Kxc7 1-0

[Event "DVM U12 2012"]
[Site "Verden/Aller GER"]
[Date "2012.12.27"]
[Round "1"]
[White "Rodzin, Konstantin"]
[Black "Tschammer, Kai"]
[Result "0-1"]
[Termination "normal"]
[Board "4.4"]
[WhiteElo "999"]
[BlackElo "1605"]
[WhiteTeam "Schachfreunde Gerresheim 86"]
[BlackTeam "SC Erlangen 48/88"]
[BlackFideId "12939099"]
[EventCountry "GER"]
[EventRounds "7"]
[EventType "team-swiss"]
[EventDate "2012.12.26"]

1. e4 e5 2. Nf3 Nc6 3. Bb5 a6 4. Ba4 Nf6 5. d4 exd4 6. Nxd4 Bc5 7. Nxc6 bxc6 8.
Nc3 O-O 9. O-O Re8 10. Re1 h6 11. e5 Qe7 12. Bf4 Nh7 13. Qf3 Ng5 14. Bxg5 Qxg5
15. Bb3 Re7 16. Rad1 Bb7 17. Qh3 Rd8 18. Rd3 d5 19. Rg3 Rxe5 20. Rxe5 Qxe5 21.
Kf1 Re8 22. Re3 Bxe3 23. Qxe3 Qxe3 24. fxe3 Rxe3 25. Kf2 Re5 26. Kf3 Bc8 27. g4
Rg5 28. h3 h5 29. Kf4 Rg6 30. gxh5 Rh6 31. Kg5 f6+ 32. Kf4 Rxh5 33. Ba4 g5+ 34.
Ke3 Rxh3+ 35. Kd4 Bd7 36. Kc5 Rh4 37. Bxc6 Rc4+ 38. Kxd5 Rxc6 39. Ne4 Kf7 40.
c3 Re6 41. Nc5 Re5+ 42. Kd4 Rxc5 43. Kxc5 g4 0-1

[Event "DVM U12 2012"]
[Site "Verden/Aller GER"]
[Date "2012.12.27"]
[Round "1"]
[White "Stirner, Christof"]
[Black "Schnabel, Bennett"]
[Result "1/2-1/2"]
[Termination "normal"]
[Board "5.1"]
[WhiteElo "1451"]
[BlackElo "1708"]
[WhiteTeam "SR Spaichingen"]
[BlackTeam "SG Grün-Weiß Baumschulenweg"]
[WhiteFideId "16200837"]
[BlackFideId "12943290"]
[EventCountry "GER"]
[EventRounds "7"]
[EventType "team-swiss"]
[EventDate "2012.12.26"]

1. e4 c5 2. Nf3 Nc6 3. d4 cxd4 4. Nxd4 g6 5. Nf3 Bg7 6. Bd3 d6 7. c3 Nf6 8. h3
O-O 9. Be3 a6 10. Nbd2 b5 11. Qe2 Qc7 12. O-O Bb7 13. Rac1 Rac8 14. Nb3 Qb8 15.
Rfe1 d5 16. exd5 Nxd5 17. Bd2 e6 18. Nc5 Rfd8 19. Ne4 Nf4 20. Bxf4 Qxf4 21.
Rcd1 Ne5 22. Nxe5 Qxe5 23. Ng3 Qxe2 24. Bxe2 b4 25. cxb4 Bxb2 26. Rb1 Bc3 27.
Rec1 Bd2 28. Rc4 Rxc4 29. Bxc4 Rd4 30. Nf1 Rxc4 31. Nxd2 Rc2 32. Nb3 Rxa2 33.
Nc5 Bc6 34. g3 Kf8 35. h4 Ke7 36. Nd3 Be4 37. Rd1 Bxd3 38. Rxd3 Rb2 39. Rd4 e5
40. Rc4 Kd6 41. h5 gxh5 42. Kg2 Kd5 43. Rc5+ Kd4 44. Ra5 e4 45. Rxa6 e3 46. Kf1
Rxf2+ 47. Ke1 Rb2 48. Rd6+ Ke4 49. Rf6 e2 50. Rxf7 Ke3 51. Re7+ Kf3 52. Rf7+
Kxg3 53. Rxh7 Rxb4 54. Rxh5 Re4 55. Rf5 Re3 1/2-1/2

[Event "DVM U12 2012"]
[Site "Verden/Aller GER"]
[Date "2012.12.27"]
[Round "1"]
[White "Hesse, Henrik"]
[Black "Molitor, Marwin"]
[Result "1-0"]
[Termination "normal"]
[Board "5.2"]
[WhiteElo "1511"]
[BlackElo "1285"]
[WhiteTeam "SG Grün-Weiß Baumschulenweg"]
[BlackTeam "SR Spaichingen"]
[WhiteFideId "12952060"]
[BlackFideId "16200853"]
[EventCountry "GER"]
[EventRounds "7"]
[EventType "team-swiss"]
[EventDate "2012.12.26"]

1. e4 e5 2. Nf3 Nc6 3. Bc4 Bc5 4. d3 Nf6 5. c3 d6 6. Be3 Bg4 7. Bxc5 dxc5 8.
Qe2 O-O 9. O-O Qe7 10. Nbd2 Rfe8 11. Rfe1 Rad8 12. Rad1 a6 13. Bb3 Nh5 14. Bc2
Nf4 15. Qf1 Qf6 16. Re3 Qg6 17. Nh4 Qg5 18. Ndf3 Bxf3 19. Nxf3 Qg4 20. Kh1 c4
21. dxc4 Rxd1 22. Bxd1 Rd8 23. Be2 Nxe2 24. Qxe2 Qd7 25. h3 h6 26. Kh2 Kh7 27.
Qc2 Qd1 28. Re2 Qxc2 29. Rxc2 Rd7 30. Rd2 Rxd2 31. Nxd2 Kg8 32. b4 Kf8 33. b5
Ne7 34. Kg3 Ng6 35. Kg4 Ke7 36. g3 Ke6 37. Nb3 axb5 38. cxb5 b6 39. a4 Kd6 40.
f4 exf4 41. gxf4 Kd7 42. c4 c6 43. Nd4 cxb5 44. axb5 Kc7 45. Nf5 Nf8 46. Nxg7
Nd7 47. e5 Nc5 48. Nf5 Ne4 49. Kh5 Nf2 50. h4 Nh3 51. Kg4 Nf2+ 52. Kf3 Nd3 53.
Ke3 Nb2 54. Kd4 Na4 55. Nxh6 Nc5 56. Nxf7 Ne6+ 57. Ke4 1-0

[Event "DVM U12 2012"]
[Site "Verden/Aller GER"]
[Date "2012.12.27"]
[Round "1"]
[White "Zetto, Lukas"]
[Black "Petersen, Marcel"]
[Result "0-1"]
[Termination "normal"]
[Board "5.3"]
[WhiteElo "1204"]
[BlackElo "1582"]
[WhiteTeam "SR Spaichingen"]
[BlackTeam "SG Grün-Weiß Baumschulenweg"]
[WhiteFideId "16261747"]
[BlackFideId "12935670"]
[EventCountry "GER"]
[EventRounds "7"]
[EventType "team-swiss"]
[EventDate "2012.12.26"]

1. e4 e5 2. Nf3 Nc6 3. Bb5 d6 4. Nc3 Nf6 5. d3 Be7 6. Nd5 Bg4 7. h3 Be6 8. Nxe7
Qxe7 9. d4 Bd7 10. d5 Nb8 11. Bd3 c6 12. c4 O-O 13. O-O Na6 14. a3 Nc5 15. Qc2
Rac8 16. b4 Nxd3 17. Qxd3 cxd5 18. cxd5 a6 19. Be3 Bb5 20. Qb1 Bxf1 21. Qxf1
Nxe4 22. Qd3 Nf6 23. Bg5 h6 24. Bh4 Rfe8 25. g4 e4 26. Qd2 exf3 27. g5 Qe5 28.
Rf1 Ne4 29. Qe3 Nxg5 30. Qd2 Nxh3+ 31. Kh1 Qh5 32. Qd4 Re2 33. Kh2 Qf5 34. Qb6
Qg6 35. Bg3 Qh5 36. Qxd6 Nxf2+ 37. Kg1 Qh1# 0-1

[Event "DVM U12 2012"]
[Site "Verden/Aller GER"]
[Date "2012.12.27"]
[Round "1"]
[White "Hüls, Maximilian"]
[Black "Schrägle, Thorsten"]
[Result "0-1"]
[Termination "normal"]
[Board "5.4"]
[WhiteElo "1482"]
[BlackElo "1155"]
[WhiteTeam "SG Grün-Weiß Baumschulenweg"]
[BlackTeam "SR Spaichingen"]
[WhiteFideId "12949698"]
[BlackFideId "16224248"]
[EventCountry "GER"]
[EventRounds "7"]
[EventType "team-swiss"]
[EventDate "2012.12.26"]

1. e4 e5 2. Nf3 Nc6 3. Nc3 Nf6 4. d4 exd4 5. Nxd4 Bb4 6. Nxc6 bxc6 7. Bd3 O-O
8. O-O Bxc3 9. bxc3 h6 10. Bf4 d6 11. h3 Be6 12. Qd2 Nd7 13. Be3 Qf6 14. Bd4
Qe7 15. f4 f5 16. exf5 Bxf5 17. Rae1 Qf7 18. Bxf5 Qxf5 19. Re7 Rf7 20. Rfe1
Raf8 21. g4 Qd5 22. R1e6 Qxa2 23. Qe1 a6 24. Rxf7 Rxf7 25. Re8+ Rf8 26. Qe7 Qf7
27. Qxf7+ Kxf7 28. Rxf8+ Kxf8 29. Kf2 Kf7 30. Ke3 c5 31. Bxc5 Nxc5 32. Kd4 a5
33. Kc4 Ke6 34. Kb5 a4 35. Kb4 Kd5 36. g5 hxg5 37. fxg5 Ke5 38. h4 Kf5 39. c4
Kg4 40. g6 Kxh4 41. c3 Kg5 42. Ka3 Kxg6 43. Kb4 Kf5 44. Ka3 g5 45. Kb4 g4 46.
Ka3 g3 47. Kb4 g2 48. Ka3 g1=Q 49. Kb4 Qb1+ 50. Ka3 Qb3# 0-1

[Event "DVM U12 2012"]
[Site "Verden/Aller GER"]
[Date "2012.12.27"]
[Round "1"]
[White "Roseneck, Jonas"]
[Black "Joeres, Stefan"]
[Result "1-0"]
[Termination "normal"]
[Board "6.1"]
[WhiteElo "1710"]
[BlackElo "1321"]
[WhiteTeam "SG Aufbau Elbe Magdeburg"]
[BlackTeam "Karlsruher SF 1853"]
[WhiteFideId "12939870"]
[BlackFideId "12983160"]
[EventCountry "GER"]
[EventRounds "7"]
[EventType "team-swiss"]
[EventDate "2012.12.26"]

1. e4 e5 2. Nf3 Nc6 3. Bc4 Bc5 4. c3 Nf6 5. d4 exd4 6. cxd4 Bb4+ 7. Bd2 Bxd2+
8. Nbxd2 d5 9. exd5 Nxd5 10. Qb3 Na5 11. Qa4+ c6 12. Bxd5 Qxd5 13. Rc1 b6 14.
b4 Nb7 15. Qxc6+ Qxc6 16. Rxc6 O-O 17. O-O Be6 18. a4 Rac8 19. Rfc1 Rxc6 20.
Rxc6 Rc8 21. d5 Bd7 22. Rxc8+ Bxc8 23. Nd4 Kf8 24. Kf1 Ke7 25. Ne4 f5 26. Nc6+
Kd7 27. Nc3 a5 28. b5 Nd8 29. Ke2 Nf7 30. f4 Nd6 31. Kd3 h6 32. h4 h5 33. g3
Nb7 34. Kd4 Kd6 35. Ne5 Nc5 36. Nc4+ Kc7 37. Ke5 Nd3+ 38. Kd4 Nc5 39. d6+ Kb7
40. Ke5 Nd3+ 41. Kd5 Nb4+ 42. Kd4 Nc2+ 43. Ke5 Nb4 44. Nd5 Nd3+ 45. Kd4 Nc5 46.
Ncxb6 Be6 47. Kxc5 1-0

[Event "DVM U12 2012"]
[Site "Verden/Aller GER"]
[Date "2012.12.27"]
[Round "1"]
[White "Koll, Lukas"]
[Black "Rößler, Linus Benedict"]
[Result "0-1"]
[Termination "normal"]
[Board "6.2"]
[WhiteElo "1340"]
[BlackElo "1566"]
[WhiteTeam "Karlsruher SF 1853"]
[BlackTeam "SG Aufbau Elbe Magdeburg"]
[WhiteFideId "12969737"]
[BlackFideId "12921076"]
[EventCountry "GER"]
[EventRounds "7"]
[EventType "team-swiss"]
[EventDate "2012.12.26"]

1. e4 c5 2. c3 d6 3. d4 cxd4 4. cxd4 Nf6 5. Nc3 e6 6. Bg5 Be7 7. Bd3 Nxe4 8.
Nxe4 Bxg5 9. Qg4 Bf6 10. Qg3 O-O 11. Nf3 d5 12. Ned2 Nc6 13. Nb3 Nb4 14. Bb1 g6
15. a3 Nc6 16. O-O Bg7 17. Bc2 Qe7 18. Rad1 Bd7 19. Nc5 Nxd4 20. Nxd4 Qxc5 0-1